000 01422cam a22001934a 4500
005 20250605164001.0
008 250528s ||||||||||||||||||||||||d
035 _a15643
020 _a471523704
040 _aGR-AtMCL
_bgre
_dGR-AtMCL
_eAACR2
245 1 _aSample Design in Business Research
260 _bJohn Wiley & Sons,
_c1960
300 _a524
520 _aStandards of Statistical Practice, Responsibilities in Planning a Survey, Some Remarks on the Theory of Sampling, The Frame and Elements of a Sampling Plan, Operational Definitions of Expected Value and Of Standard Error, Uncertainties not Attributable to Sampling, Replicated Sampling Designs, Some Simple Replicated Designs, A Survey of Business Establishments with Correction for Nonresponse, Examples in Sampling Accounts, Evaluation of Inventory of Materials, Exercise in a Replicated Survey, General Theory and Procedure for Replicated Sampling of a Large Area, Field Proocedure for the Creation of Segments and For the Selection of People Within Families, Sampling New Material, Stratified Sampling, Some Theory Useful in Sampling, Evaluation of Expected Value and of Bias in Sampling Procedures, Theory of Variances, The Poison Series and the Square-Root Transformation, Optimum Number of Segments Per Block, Theory of the Formation of Strata, Index.
700 1 _aDeming Edwards W
_91603
942 _cBK
999 _c1208
_d1208